000 01198nam2a22002531 4500
001 RU\NLR\INFOCOMM19\5000009258
005 20250617020252.0
035 _a(NLR Aleph) 002362601
090 _a4547205
_c4547205
100 _a20041130d1968 |||y0rusy50 ca
101 0 _arus
102 _aRU
105 _ay ||||000|y
200 1 _aТипы уроков, их структура и применение в учебных заведениях системы УПК ЦСУ СССР
_fЯ.П. Юза
210 _d1968
_aБ. м.
461 0 _1001RU\NLR\INFOCOMM19\5000009177
_12001#$aМатериалы по обмену опытом$fУпр. подготовки кадров счетных работников ЦСУ СССР$vВып.9
_94547073
_aСССР. Центральное статистическое управление
_cМ.
_d1967-1971
_fУпр. подготовки кадров счетных работников ЦСУ СССР
_tМатериалы по обмену опытом
_vВып.9
700 1 _aЮза
_bЯ.П.
_4070
801 1 _aRU
_bInfoComm
_c20041130
801 0 _aRU
_bNLR
_gPSBO
852 _aNLR
_jП52/32
942 _cISSUE
980 _aNB
980 _aRUSPER